<?xml version="1.0" encoding="UTF-8"?><?xml-stylesheet type="text/xsl" href="static/style.xsl"?><OAI-PMH xmlns="http://www.openarchives.org/OAI/2.0/" xmlns:xsi="http://www.w3.org/2001/XMLSchema-instance" xsi:schemaLocation="http://www.openarchives.org/OAI/2.0/ http://www.openarchives.org/OAI/2.0/OAI-PMH.xsd"><responseDate>2026-06-01T18:11:58Z</responseDate><request verb="GetRecord" identifier="oai:riuma.uma.es:10630/6729" metadataPrefix="marc">https://riuma.uma.es/rest/oai/request</request><GetRecord><record><header><identifier>oai:riuma.uma.es:10630/6729</identifier><datestamp>2026-02-03T10:23:23Z</datestamp><setSpec>com_10630_1685</setSpec><setSpec>col_10630_38055</setSpec></header><metadata><record xmlns="http://www.loc.gov/MARC21/slim" xmlns:dcterms="http://purl.org/dc/terms/" xmlns:doc="http://www.lyncode.com/xoai" xmlns:xsi="http://www.w3.org/2001/XMLSchema-instance" xsi:schemaLocation="http://www.loc.gov/MARC21/slim http://www.loc.gov/standards/marcxml/schema/MARC21slim.xsd">
   <leader>00925njm 22002777a 4500</leader>
   <datafield ind2=" " ind1=" " tag="042">
      <subfield code="a">dc</subfield>
   </datafield>
   <datafield ind2=" " ind1=" " tag="720">
      <subfield code="a">Fernández-Rodríguez, Jose David</subfield>
      <subfield code="e">author</subfield>
   </datafield>
   <datafield ind2=" " ind1=" " tag="260">
      <subfield code="c">2013-12-04</subfield>
   </datafield>
   <datafield ind2=" " ind1=" " tag="520">
      <subfield code="a">Este proyecto desarrolla un modelo de vida artificial que sirve como marco para avanzar&#xd;
en la comprensión del desarrollo embriológico, es decir, la forma en que un ser&#xd;
multicelular se desarrolla desde el cigoto. En particular, se pretende que sea una&#xd;
herramienta para explorar la relación entre el plan corporal expresado en el crecimiento&#xd;
del embrión y las instrucciones codificadas en el genoma.&#xd;
El sistema desarrollado comprende un modelo de simulación física basado en mallas de&#xd;
muelles, un modelo del citoesqueleto celular esquematizado y un sistema de reglas&#xd;
basado en la interpretación de un genoma, cuyos genes expresan reglas que determinan&#xd;
el comportamiento de los modelos celulares durante la simulación. También comprende&#xd;
un sistema de visualización gráfica de los resultados de las simulaciones.</subfield>
   </datafield>
   <datafield ind1="8" ind2=" " tag="024">
      <subfield code="a">http://hdl.handle.net/10630/6729</subfield>
   </datafield>
   <datafield tag="653" ind2=" " ind1=" ">
      <subfield code="a">Morfogénesis</subfield>
   </datafield>
   <datafield ind2="0" ind1="0" tag="245">
      <subfield code="a">Estudio de un modelo de desarrollo embriológico</subfield>
   </datafield>
</record>
</metadata></record></GetRecord></OAI-PMH>